|
|
|
|
| LEADER |
00000nam0a2200000 4500 |
| 001 |
146650 |
| 005 |
20231101221237.0 |
| 010 |
|
|
|a 9785756704402
|
| 035 |
|
|
|a (RuTPU)RU\TPU\book\158958
|
| 035 |
|
|
|a RU\TPU\book\111050
|
| 090 |
|
|
|a 146650
|
| 100 |
|
|
|a 20061010d2008 m y0rusy50 ca
|
| 101 |
0 |
|
|a rus
|
| 102 |
|
|
|a RU
|
| 105 |
|
|
|a y j 001zy
|
| 200 |
1 |
|
|a Руководство персоналом
|e учебник
|f В. П. Пугачев
|
| 210 |
|
|
|a Москва
|c Аспект пресс
|d 2008
|
| 215 |
|
|
|a 416 с.
|
| 320 |
|
|
|a Список использованных источников: с. 406-411.
|
| 330 |
|
|
|a В книге рассматриваются ключевые вопросы деятельности руководителей и кадровых служб по управлению персоналом. Учебник сопровождается отдельным изданием того же автора «Управление персоналом. Практикум» с приложенным к нему компакт-диском с тестами. Для студентов вузов, обучающихся по специальности и направлению «Менеджмент», а также по специальности «Управление персоналом».
|
| 606 |
1 |
|
|a Персонал
|x Управление
|2 stltpush
|3 (RuTPU)RU\TPU\subj\36605
|9 57925
|
| 610 |
1 |
|
|a экономика
|
| 610 |
1 |
|
|a труд
|
| 610 |
1 |
|
|a кадры
|
| 610 |
1 |
|
|a управление
|
| 610 |
1 |
|
|a руководство
|
| 610 |
1 |
|
|a лидерство
|
| 610 |
1 |
|
|a власть
|
| 610 |
1 |
|
|a микрополитика
|
| 610 |
1 |
|
|a организационное поведение
|
| 610 |
1 |
|
|a мотивация
|
| 610 |
1 |
|
|a рабочие группы
|
| 610 |
1 |
|
|a команды
|
| 610 |
1 |
|
|a конфликты
|
| 610 |
1 |
|
|a организационная культура
|
| 610 |
1 |
|
|a корпоративная культура
|
| 610 |
1 |
|
|a учебники
|
| 686 |
|
|
|a У9(2)240я73
|v LBC/SL-A
|2 rubbk
|
| 700 |
|
1 |
|a Пугачев
|b В. П.
|g Василий Павлович
|
| 801 |
|
1 |
|a RU
|b 63413507
|c 20081031
|g PSBO
|
| 801 |
|
2 |
|a RU
|b 63413507
|c 20150731
|g PSBO
|
| 900 |
|
|
|a Управление персоналом
|
| 900 |
|
|
|a Менеджмент организации
|
| 942 |
|
|
|c BK
|
| 952 |
|
|
|a 521500
|b 080500
|
| 959 |
|
|
|a 99/20081030
|d 2
|e 275,00
|f АНЛ:1
|f ЧЗГЛ:1
|